Penetrazione delle radiazioni luminose nel ghiaccio e nella neve /

Main Author: Polli, Silvio, 1904-1990
Language: Italian
Published: Trieste : Smolars, 1950
Series: Pubblicazioni delle Facoltà di scienze e d'ingegneria dell'Università di Trieste.
Physical Description: 7 s.
Book
Saved in:
LEADER 00802nam a22002052a 4500
001 000441203
003 CZ BrMZK
005 20240105105931.0
007 ta
008 990305s1950 it f 000 0 ita d
040 |a BOA001  |b cze 
100 1 |a Polli, Silvio,  |d 1904-1990  |7 mzk20241212267  |4 aut 
245 1 0 |a Penetrazione delle radiazioni luminose nel ghiaccio e nella neve /  |c Silvio Polli 
260 |a Trieste :  |b Smolars,  |c 1950 
300 |a 7 s. 
490 1 |a Pubblicazioni delle Facoltà di scienze e d'ingegneria dell'Università di Trieste. Serie B ;  |v 68 
830 0 |a Pubblicazioni delle Facoltà di scienze e d'ingegneria dell'Università di Trieste.  |n Serie B 
910 |a BOA001  |b X-0281.609 
990 |a BK 
996 7 |b 2619764111  |c X-0281.609  |l MZK  |r Sklad / do 24 hodin  |n 2  |w 000441203  |u 000010  |a 1  |e BOA001  |j MZK50  |s A